书目信息 |
| 题名: |
污水处理厂运行管理培训教程
|
|
| 作者: | 曹宁 , 王思让 主编 | |
| 分册: | ||
| 出版信息: | 北京 化学工业出版社 2005.02 |
|
| 页数: | 243页 | |
| 开本: | 20cm | |
| 丛书名: | ||
| 单 册: | ||
| 中图分类: | X505 | |
| 科图分类: | ||
| 主题词: | 污水处理厂--运行--培训--教材 , 污水处理--管理--培训--教材 | |
| 电子资源: | ||
| ISBN: | 7-5025-6366-0 | |
| 000 | 00964nam0 2200253 450 | |
| 001 | 0166783937 | |
| 005 | 20050925110149.17 | |
| 010 | @a7-5025-6366-0@dCNY18.00 | |
| 100 | @a20050314d2005 km y0chiy0120 ea | |
| 101 | 0 | @achi |
| 102 | @aCN@b110000 | |
| 105 | @aa a 000yy | |
| 200 | 1 | @a污水处理厂运行管理培训教程@Awu shui chu li chang yun xing guan li pei xun jiao cheng@f曹宁, 王思让主编@Fcao ning,wang si rang zhu bian |
| 210 | @a北京@c化学工业出版社@d2005.02 | |
| 215 | @a243页@c图@d20cm | |
| 320 | @a有书目。 | |
| 330 | @a本书系统介绍了城市污水处理厂的运行管理技术,以西安市石桥污水净化中心为实例,使读者对污水处理厂的工艺原理、系统组成、运行调度、日常操作维护及故障诊断等运行管理有一个全面的认识和掌握。 | |
| 606 | 0 | @a污水处理厂@x运行@x培训@x教材 |
| 606 | 0 | @a污水处理@x管理@x培训@x教材 |
| 690 | @aX505@v4 | |
| 701 | 0 | @a曹宁@Acao ning@4主编 |
| 701 | 0 | @a王思让@Awang si rang@4主编 |
| 801 | 0 | @aCN@bbQSSK@c20050925 |
| 905 | @a10447@dX505@eC132 | |
| 污水处理厂运行管理培训教程/曹宁, 王思让主编.-北京:化学工业出版社,2005.02 |
| 243页:图;20cm |
| ISBN 7-5025-6366-0:CNY18.00 |
| 本书系统介绍了城市污水处理厂的运行管理技术,以西安市石桥污水净化中心为实例,使读者对污水处理厂的工艺原理、系统组成、运行调度、日常操作维护及故障诊断等运行管理有一个全面的认识和掌握。 |
| ● |
| 相关链接 |
|
|
|
正题名:污水处理厂运行管理培训教程
索取号:X505/C132
 
预约/预借
| 序号 | 登录号 | 条形码 | 馆藏地/架位号 | 状态 | 备注 |
| 1 | 571403 | 205714039 | 自科库501/501自科库 68排2列4层/ [索取号:X505/C132] | 在馆 | |
| 2 | 571404 | 205714048 | 自科库501/501自科库 68排2列4层/ [索取号:X505/C132] | 在馆 | |
| 3 | 571405 | 205714057 | 自科库501/501自科库 68排2列4层/ [索取号:X505/C132] | 在馆 |